| 000 | 00638nam a2200181 4500 | ||
|---|---|---|---|
| 001 | 135875 | ||
| 003 | ES-MaACL | ||
| 005 | 20260210163247.0 | ||
| 007 | t| | ||
| 008 | 070214s1965 sp r ||||1| spa d | ||
| 100 | 1 |
_aRuiz Castro, Aurelio. _9100707 |
|
| 245 | 1 | 0 |
_aPlagas y enfermedades de la vid / _cpor Aurelio Ruiz Castro. |
| 260 |
_aMadrid : _bInstituto Nacional de Investigaciones Agronómicas, _c1965. |
||
| 300 |
_aXXIV, 757 p., 8 lám. col., 22 lám. : _bil. ; _c24 cm. |
||
| 710 |
_aInstituto Nacional de Investigaciones Agronómicas _c(España) _9219222 |
||
| 852 |
_aES-MaACL _jC-30156 _bR.60321 |
||
| 999 |
_c135875 _d135875 |
||